| Tag |
First Indicator |
Second Indicator |
Subfields |
| LEADER |
00000cas a2200000 a 4500 |
| 001 |
in00000051829 |
| 008 |
800325d19581963nyuar 1 a0eng |
| 005 |
20241220170500.4 |
| 010 |
|
|
|a sn 77022129
|
| 019 |
|
|
|a 897976812
|
| 029 |
1 |
|
|a AU@
|b 000023434685
|
| 035 |
|
|
|a (OCoLC)ocm06123555
|
| 035 |
|
|
|a (OCoLC)6123555
|z (OCoLC)897976812
|
| 035 |
|
|
|a (OCoLC)ocm06123555
|
| 040 |
|
|
|a DLC
|b eng
|c SCW
|d NYG
|d NYS
|d OCL
|d OCLCQ
|d OCLCF
|d OCLCO
|d OCL
|d OCLCO
|d OCLCA
|d OCLCQ
|
| 042 |
|
|
|a msc
|
| 050 |
0 |
4 |
|a UG485
|b .I5
|
| 082 |
0 |
|
|a 623.7
|
| 111 |
2 |
|
|a National Convention on Military Electronics.
|
| 245 |
1 |
0 |
|a Conference proceedings /
|c ... National Convention on Military Electronics.
|
| 264 |
|
1 |
|a [New York] :
|b [Institute of Radio Engineers],
|c [1958-1963]
|
| 300 |
|
|
|a 6 volumes :
|b illustrations, diagrams ;
|c 28 cm
|
| 310 |
|
|
|a Annual
|
| 336 |
|
|
|a text
|b txt
|2 rdacontent
|
| 337 |
|
|
|a unmediated
|b n
|2 rdamedia
|
| 338 |
|
|
|a volume
|b nc
|2 rdacarrier
|
| 362 |
0 |
|
|a 2nd-7th.
|
| 550 |
|
|
|a Conventions for 1958-19 sponsored by the Professional Group on Military Electronics, Institute of Radio Engineers; 19 -1963 sponsored by the Professional Technical Group on Military Electronics, Institute of Electrical and Electronics Engineers.
|
| 550 |
|
|
|a Imprint varies: published 1958-19, by the Institute of Radio Engineers; 19 -1963 by the Institute of Electrical and Electronics Engineers.
|
| 650 |
|
0 |
|a Electronics in military engineering
|v Congresses.
|
| 650 |
|
7 |
|a Electronics in military engineering.
|2 fast
|0 (OCoLC)fst00907609
|
| 655 |
|
7 |
|a Conference papers and proceedings.
|2 fast
|0 (OCoLC)fst01423772
|
| 710 |
2 |
|
|a Institute of Radio Engineers.
|
| 710 |
2 |
|
|a Institute of Electrical and Electronics Engineers.
|
| 710 |
2 |
|
|a Institute of Radio Engineers.
|b Professional Group on Military Electronics.
|
| 710 |
2 |
|
|a Institute of Electrical and Electronics Engineers.
|b Professional Technical Group on Military Electronics.
|
| 776 |
0 |
8 |
|i Online version:
|a National Convention on Military Electronics.
|t Conference proceedings
|w (OCoLC)582203753
|
| 776 |
0 |
8 |
|i Online version:
|a National Convention on Military Electronics.
|t Conference proceedings
|w (OCoLC)609951654
|
| 780 |
0 |
0 |
|a National Convention on Military Electronics.
|t Record of the non-classified papers and abstracts of the classified papers
|w (OCoLC)6731937
|
| 785 |
0 |
0 |
|a International Convention on Military Electronics.
|t Conference proceedings
|w (OCoLC)6731995
|
| 948 |
|
|
|h HELD BY TXA - 49 OTHER HOLDINGS
|
| 994 |
|
|
|a Z0
|b TXA
|
| 999 |
f |
f |
|s 2f2eafe8-470c-3f22-a80c-ff74c0d9d51a
|i 6c67b0f1-d839-390d-9f21-6578d6e3be6e
|t 0
|
| 952 |
f |
f |
|p ric
|a Texas A&M University
|b Rellis Campus
|c Joint Library Facility
|d Remote Storage
|t 0
|e UG485 .I5
|h Library of Congress classification
|i unmediated -- volume
|l 1961
|m A14807396263
|
| 952 |
f |
f |
|p ric
|a Texas A&M University
|b Rellis Campus
|c Joint Library Facility
|d Remote Storage
|t 0
|e UG485 .I5
|h Library of Congress classification
|i unmediated -- volume
|l 1958
|m A14807396085
|
| 952 |
f |
f |
|p ric
|a Texas A&M University
|b Rellis Campus
|c Joint Library Facility
|d Remote Storage
|t 0
|e UG485 .I5
|h Library of Congress classification
|i unmediated -- volume
|l 1963
|m A14807396386
|
| 952 |
f |
f |
|p ric
|a Texas A&M University
|b Rellis Campus
|c Joint Library Facility
|d Remote Storage
|t 0
|e UG485 .I5
|h Library of Congress classification
|i unmediated -- volume
|l 1962
|m A14807396328
|
| 952 |
f |
f |
|p ric
|a Texas A&M University
|b Rellis Campus
|c Joint Library Facility
|d Remote Storage
|t 0
|e UG485 .I5
|h Library of Congress classification
|i unmediated -- volume
|l 1959
|m A14807396140
|
| 952 |
f |
f |
|p ric
|a Texas A&M University
|b Rellis Campus
|c Joint Library Facility
|d Remote Storage
|t 0
|e UG485 .I5
|h Library of Congress classification
|i unmediated -- volume
|l 1960
|m A14807396205
|
| 998 |
f |
f |
|a UG485 .I5
|s 1958-1963
|t 0
|l Remote Storage
|